000 00579aas a2200181 4500
999 _c50097
_d50097
001 768714001
003 CO-MdFUSB
005 20170912120401.0
008 170912b xxu||||| |||| 00| 0 eng d
022 _a0326-6737
040 _aCO-MdFUSB
_bspa
_cCO-MdFUSB
_dCO-MdFUSB
041 _aspa
100 1 _aSosa, Raúl
_eautor
245 1 0 _a1 Carta de Pedro Santidad :
_bcamino a recorrer
_c/ Sosa, Raúl
300 _aVolumen 21 (2002), páginas 185-212
_c: 23 cm.
773 0 _tCuadernos de Teología
_049404
_959700
_gVolumen 21 (2002), páginas 185-212
_qPágina 185
942 _cANA